Science Quiz

Random Science Quiz

HCHS Gram Staining Quiz Stats

Quiz not verified by Sporcle

Also try: Baby Beasts III
Challenge
Share
Tweet
Embed
Score 0/15 Timer 10:00
0 Plays Today
Hint Answer % Correct
E. ColiGram Negative
100%
Stains purple after Gram StainingGram Positive
87.5%
Stain red or pink after Gram StainingGram Negative
87.5%
FirmicutesGram Positive
87.5%
ClostridiumGram Positive
87.5%
BacillusGram Positive
87.5%
MycoplasmaGram Positive
87.5%
SalmonellaGram Negative
87.5%
Hint Answer % Correct
ProteobacteriaGram Negative
87.5%
CyanobacteriaGram Negative
87.5%
ActinobacteriaGram Positive
75%
Green BacteriaGram Negative
75%
Method of staining used to differentiate bacterial species into two large groups/Named after Danish bacteriologistGram Staining|Gram's Method
12.5%
Polymer of sugar and amino acids/thick in Gram positive and thin in Gram negativePeptidoglycan|Murein
12.5%
Do not respond predictably to Gram staining and, therefore, cannot be determined as either gram-positive or gram-negative/On example is MycobacteriumGram-Indeterminate
12.5%

You're not logged in!

Compare scores with friends on all Sporcle quizzes.
Sign Up with Email
OR
Log In

You Might Also Like...

Show Comments

Extras

Top Quizzes Today


Score Distribution

Your Account Isn't Verified!

In order to create a playlist on Sporcle, you need to verify the email address you used during registration. Go to your Sporcle Settings to finish the process.